000 00521cam a2200145 4500500
005 20251228090745.0
041 _afre
042 _adc
100 1 0 _aHaye, François
_eauthor
245 0 0 _aInauguration itinérante du Chemin Charles Péguy à Chartres
260 _c2016.
500 _a64
786 0 _nBulletin de l’Amitié Charles Péguy | 155 | 3 | 2016-04-14 | p. 267-269 | 0180-8567
856 4 1 _uhttps://shs.cairn.info/revue-bulletin-de-lamitie-charles-peguy-2016-3-page-267?lang=fr&redirect-ssocas=7080
999 _c1602683
_d1602683